书目信息 |
| 题名: |
英汉口笔译技艺
|
|
| 作者: | 何刚强 编著 | |
| 分册: | ||
| 出版信息: | 上海 复旦大学出版社 2003.09 |
|
| 页数: | 228页 | |
| 开本: | 20cm | |
| 丛书名: | ||
| 单 册: | ||
| 中图分类: | H315.9 | |
| 科图分类: | ||
| 主题词: | 英语 | |
| 电子资源: | ||
| ISBN: | 7-309-03689-1 | |
| 000 | 00548nam0 2200193 450 | |
| 001 | 0453499534 | |
| 005 | 20041018145230.54 | |
| 010 | @a7-309-03689-1@dCNY 12.00 | |
| 100 | @a20041018d2003 km y0chiy0120 ea | |
| 101 | 0 | @achi |
| 102 | @aCN@b310000 | |
| 200 | 1 | @a英汉口笔译技艺@Aying han kou bi yi ji yi@f何刚强编著@Fhe gang qiang bian zhu |
| 210 | @a上海@c复旦大学出版社@d2003.09 | |
| 215 | @a228页@d20cm | |
| 606 | 0 | @a英语 |
| 690 | @aH315.9@v3 | |
| 701 | 0 | @a何刚强@Ahe gang qiang@4编著 |
| 801 | 0 | @aCN@bPFT@c20041018 |
| 905 | @a10447@dH315.9@eH170 | |
| 英汉口笔译技艺/何刚强编著.-上海:复旦大学出版社,2003.09 |
| 228页;20cm |
| ISBN 7-309-03689-1:CNY 12.00 |
| ● |
| 相关链接 |
|
|
|
正题名:英汉口笔译技艺
索取号:H315.9/H170
 
预约/预借
| 序号 | 登录号 | 条形码 | 馆藏地/架位号 | 状态 | 备注 |
| 1 | 420514 | 204205145 | 外国语学院资料室/ [索取号:H315.9/H170] | 在馆 |